Estatísticas para Países Aleatórios por Forma Geográfica

Clique aqui para jogar o quiz

Estatísticas Gerais

  • Esse quiz foi jogado 7 747 vezes
  • A pontuação média é 8 de 20

Estatísticas das Respostas

Resposta% Correto
Itália
97%
Brasil
96%
Chile
93%
Estados Unidos
92%
Austrália
91%
Chipre
90%
Egito
88%
Índia
86%
Indonésia
86%
Noruega
86%
Japão
84%
México
83%
Rússia
83%
China
82%
Canadá
81%
Argentina
79%
Reino Unido
78%
Vietname
78%
África do Sul
77%
França
76%
Croácia
74%
Marrocos
74%
Portugal
72%
Áustria
70%
Turquia
70%
Espanha
69%
Madagáscar
69%
Somália
69%
Grécia
68%
Tailândia
66%
Filipinas
62%
Israel
62%
Nova Zelândia
62%
Moçambique
61%
Angola
59%
Cuba
59%
Namíbia
59%
Papua Nova Guiné
59%
Suécia
59%
Benim
57%
Islândia
57%
Mauritânia
56%
Alemanha
55%
Arábia Saudita
54%
Peru
54%
Ucrânia
54%
Argélia
53%
Birmânia
53%
Gâmbia
53%
Mali
53%
Mongólia
53%
Nepal
53%
Paraguai
53%
Sri Lanka
53%
Sudão
53%
Cazaquistão
52%
Malásia
52%
Senegal
52%
Suíça
52%
Irão
51%
Líbia
51%
Etiópia
50%
República Democrática do Congo
49%
Paquistão
48%
Romênia
48%
Países Baixos
47%
Chade
46%
Kosovo
46%
Camarões
45%
Colômbia
45%
Irlanda
45%
Panamá
45%
Omã
44%
Albânia
43%
Finlândia
43%
Mônaco
43%
Sérvia
43%
Polônia
42%
Zâmbia
42%
Afeganistão
41%
Uzbequistão
41%
Dinamarca
40%
Eritreia
40%
República Checa
40%
Coreia do Sul
39%
Guiné Equatorial
39%
Vaticano
39%
Venezuela
39%
Bangladesh
38%
Bósnia e Herzegovina
38%
Estados Federados da Micronésia
38%
Laos
38%
Moldávia
38%
Níger
38%
Bolívia
37%
Coreia do Norte
37%
Equador
37%
Taiwan
37%
Emirados Árabes Unidos
36%
Gana
36%
Iémen
36%
Jordânia
36%
Trinidad e Tobago
36%
Bahamas
35%
Tunísia
35%
Guiana
34%
Costa do Marfim
33%
Geórgia
33%
Uruguai
33%
Hungria
32%
Maldivas
32%
Turquemenistão
32%
Gabão
30%
Malawi
30%
Nicarágua
30%
República do Congo
30%
Timor-Leste
30%
Bielorrússia
29%
Ilhas Salomão
29%
Kuweit
29%
Macedónia do Norte
29%
Eslováquia
28%
Jamaica
28%
Letónia
28%
Nauru
28%
Nigéria
27%
Quirguistão
27%
Tajiquistão
27%
Iraque
26%
República Centro-Africana
26%
Síria
26%
Azerbaijão
25%
Bulgária
25%
Burkina Faso
25%
Haiti
25%
Zimbábue
25%
Belize
24%
Estônia
24%
Guatemala
24%
Kiribati
24%
Tanzânia
24%
Togo
24%
Ilhas Marshall
23%
Lituânia
23%
Montenegro
23%
Quênia
23%
Bélgica
22%
Catar
22%
Guiné
22%
Sudão do Sul
22%
Vanuatu
22%
Costa Rica
21%
Libéria
21%
São Tomé e Príncipe
21%
Armênia
19%
Brunei
19%
Liechtenstein
19%
Líbano
18%
Serra Leoa
18%
Singapura
18%
Botswana
17%
Burundi
17%
Butão
16%
Cabo Verde
16%
Eslovénia
16%
Guiné-Bissau
16%
São Cristóvão e Nevis
16%
Tonga
16%
Fiji
15%
Lesoto
15%
Luxemburgo
15%
Ruanda
15%
Samoa
15%
Seychelles
15%
Uganda
15%
Antígua e Barbuda
14%
El Salvador
14%
Essuatíni
14%
Honduras
14%
Santa Lúcia
14%
Suriname
14%
Tuvalu
14%
Malta
13%
Palau
13%
Djibouti
12%
República Dominicana
12%
San Marino
12%
Barbados
11%
São Vicente e Granadinas
11%
Comores
10%
Dominica
10%
Bahrein
9%
Camboja
9%
Maurícia
8%
Andorra
7%
Granada
7%

Distribuição das Pontuações

Percentil de Números Respondidos

Porcentagem de Pessoas com Cada Pontuação

Sua Pontuação Histórica

Você não jogou esse quiz